| 000 | 00668nam a2200169 a 4500 | ||
|---|---|---|---|
| 008 | 080306s2007 ||||||||||||||||| || u | ||
| 050 | _aIBRD(058)BWS/2007 | ||
| 100 | _aPleskovic, Boris | ||
| 245 | 1 | 0 |
_aDevelopment and the Next Generation _cEdited by Gudrun Kochendorfer-Lucius and Boris Pleskovic |
| 260 |
_aWashington, D.C. _bWorld Bank _c2007 |
||
| 350 | _a0.00 | ||
| 490 | _aBerlin Workshop Series | ||
| 650 | _aYOUTH--DEVELOPMENT | ||
| 700 | _aKochendorfer-Lucius, Gudrun | ||
| 710 | _aWorld Bank | ||
| 995 |
_D0.00 _FCBU-MAIN LIBRARY (Kitwe) _H1 _I0.00 _M1 _UAVAILABLE _WApr 16, 2008 _ZInternational Publications |
||
| 999 |
_c39954 _d39954 |
||